| 000 -ლიდერი |
| ფიქსირებული სიგრძის საკონტროლო ველი |
00667nam a22001697a 4500 |
| 003 - საკონტროლო ნომრის იდენტიფიკატორი |
| საკონტროლო ველი |
Ge_BSU |
| 005 - ბოლო ოპერაციის თარიღი და დრო |
| საკონტროლო ველი |
20251013181412.0 |
| 008 - ფიქსირებული სიგრძის მონაცემთა ელემენტები - ზოგადი ინფორმაცია |
| ფიქსირებული სიგრძის საკონტროლო ველი |
251013s2001 ge ||||| |||| 00| 0 geo d |
| 041 ## - ენის კოდი |
| Language code of text/sound track or separate title |
geo |
| 080 ## - უნივერსალური ათობითი კლასიფიკაციის ინდექსი |
| Universal Decimal Classification number |
330.101(075.8) მ-19 |
| 100 ## - მთავარი ჩანაწერი - პიროვნების სახელი |
| Personal name |
მაკკონელი, კ. |
| 9 (RLIN) |
426 |
| 245 ## - ცნობა სათაურის შესახებ |
| Title |
ეკონომიკსი = (Economics) / |
| Statement of responsibility, etc |
ლ. მაკკონელი, ს. ბრიუ; რედ. კ. ღურწკაია. |
| 264 ## - წარმოების, გამოცემის, დისტრიბუციის და სხვა ცნობები |
| გამოცემის, წარმოების, დისტრიბუციის... ადგილი |
თბილისი, |
| გამოცემის, წარმოების, დისტრიბუციის... თარიღი |
2001. |
| 300 ## - ფიზიკური აღწერა |
| Extent |
1152 გვ. |
| Other physical details |
20 სმ. |
| 700 ## - ADDED ENTRY--PERSONAL NAME |
| Personal name |
ღურწკაია, კ. |
| Relator term |
რედაქტოტი, მთარგმნელი |
| 9 (RLIN) |
26020 |
| 942 ## - ADDED ENTRY ELEMENTS (KOHA) |
| Source of classification or shelving scheme |
|
| Koha item type |
წიგნი |